000 00424nab a2200145Ia 4500
003 ES-SlBCS
005 20210601133830.0
008 140529s1981 xxu||||| |||| 00| 0 por d
041 _apor
100 1 _aFreire Ribeiro, Pedro
_9210320
245 0 0 _aÉtica e História
_c Pedro Freire Ribeiro
650 0 4 _aÉtica-Historia
_9210321
773 0 _tPresença Filosofica
_gvol. 7, nº. 1, 1981, págs. 91-97
_wRev966
942 _cAR
999 _c602842
_d602842